01731nam a2200445 i 450000100060000000300090000600500170001500800410003202000150007304000280008808000160011608000120013224501240014426000650026830000770033333600270041033700540043733800280049138000170051938000230053649000830055950400460064265800130068865800510070164800140075265100110076665500190077765000130079665100200080964800140082961000540084365000140089770000530091171000530096483000830101785600980110094200120119899900170121095200580122739192KOSZ 00520240405063126.0981002s1994 enka g 001 0 pol  a0850652812 aWA NcWA NdKOSZ 005/RW a94(438).083 a314.74300aWładze RP na obczyźnie podczas II wojny światowej 1939-1945 :bpraca zbiorowa /credakcja Zbigniew Błażyński. aLondyn :bPolskie Towarzystwo Naukowe na Obczyźnie,c1994. aXV, [1], 1011 stron, [16] stron tablic :bfotografie, portrety ;c22 cm. aTekstbtxt2rdacontent aBez urządzenia pośredniczącegobn2rdamedia aWoluminbnc2rdacarrier aKsiążki. aPublikacje naukowe1 aMateriały do Dziejów Polskiego Uchodźstwa Niepodległościowego ;vt. 1. aBibliografia na stronach 980-984. Indeks. aHistoria aPolityka, politologia, administracja publiczna 4a1901-2000 4aPolska 4aPraca zbiorowa 4aPolityka 4aWielka Brytania 4a1939-194524aRząd Rzeczypospolitej Polskiej na uchodźstwie 4aEmigracja1 aBłażyński, Zbigniewd(1914-1996).eRedakcja2 aPolskie Towarzystwo Naukowe na Obczyźnie4pbl. 0aMateriały do Dziejów Polskiego Uchodźstwa Niepodległościowego ;vt. 1. uhttp://koha.tu.koszalin.pl/cgi-bin/koha/opac-detail.pl?biblionumber=39192yKatalog online BPK 2UKDcKS c39192d39192 001040718POLBOGaBPKbBPKcmho58222p01541724yKS